Language Family Sort - Statistics

General Stats
  • This quiz has been taken 9 times
  • The average score is 39 of 60
Answer Stats
Question Tile Select % Correct
Germanic Corsican No
100%
Germanic Latvian No
100%
Indo-European Zulu No
100%
Indo-European Afrikaans Yes
89%
Indo-European Armenian Yes
89%
Semitic Catalan No
89%
Semitic Finnish No
89%
Indo-European French Yes
89%
Semitic Greek No
89%
Semitic Hausa No
89%
Semitic Hebrew Yes
89%
Dravidian Javanese No
89%
Indo-European Latin Yes
89%
Germanic Luxembourgish Yes
89%
Dravidian Tagalog No
89%
Dravidian Tamil Yes
89%
Dravidian Telugu Yes
89%
Semitic Turkish No
89%
Algonquian Abkhaz No
78%
Semitic Amazigh No
78%
Semitic Arabic Yes
78%
Indo-European Farsi Yes
78%
Germanic Frisian Yes
78%
Indo-European Gaelic Yes
78%
Germanic Gothic Yes
78%
Indo-European Kannada No
78%
Algonquian Ket No
78%
Germanic Manx No
78%
Indo-European Basque No
67%
Dravidian Bhojpuri No
67%
Algonquian Cree Yes
67%
Algonquian Gan No
67%
Dravidian Hindi No
67%
Dravidian Nepali No
67%
Germanic Romansh No
67%
Semitic Akkadian Yes
56%
Semitic Amharic Yes
56%
Algonquian Blackfoot Yes
56%
Germanic Cornish No
56%
Semitic Maltese Yes
56%
Algonquian Nahuatl No
56%
Algonquian Quechua No
56%
Indo-European Tamil No
56%
Germanic Walloon No
56%
Algonquian Cheyenne Yes
44%
Indo-European Estonian No
44%
Indo-European Hungarian No
44%
Dravidian Malayam Yes
44%
Algonquian Miꞌkmaq Yes
44%
Algonquian Navajo No
44%
Dravidian Sinhalese No
44%
Algonquian Ojibwe Yes
33%
Semitic Tigrinya Yes
33%
Algonquian Narragansett Yes
22%
Dravidian Tulu Yes
22%
Germanic Wymysorys Yes
22%
Dravidian Brahui Yes
11%
Germanic Elfdalian Yes
11%
Dravidian Gondi Yes
11%
Germanic Norn Yes
0%
No matching quizzes found
Score Distribution
Percent of People with Each Score
Percentile by Number Answered
Your Score History
You have not taken this quiz